|
LDR
| 01245nam a2200361 a 4500 |
|---|
| 001 | 20854 |
|---|
| 003 | CZ-PrJAB |
|---|
| 005 | 20150710100752.0 |
|---|
| 007 | ta |
|---|
| 008 | 940923s1994 xr a u000 1 cze |
|---|
| 015 | | . |
‡acnb000086631 |
|---|
| 020 | | . |
‡a80-7176-036-6
‡q(váz.) |
|---|
| 035 | | . |
‡a(CZ PrNK)np9425838 |
|---|
| 035 | | . |
‡a(OCoLC)39595539 |
|---|
| 040 | | . |
‡aABA001
‡bcze |
|---|
| 041 | 1 | . |
‡acze
‡heng |
|---|
| 045 | | . |
‡ax3x4 |
|---|
| 080 | | . |
‡a820-31
‡2undef |
|---|
| 080 | | . |
‡a940.53/.54
‡2undef |
|---|
| 100 | 1 | . |
‡aRyan, Patrick,
‡d1916-1989
‡7xx0001240
‡4aut |
|---|
| 245 | 1 | 0. |
‡aJak jsem vyhrál válku /
‡cdle vyprávění poručíka Ernesta Goodbodyho zapsal Patrick Ryan ; Z angl. přel. František Vrba ; Ilustr. Dobroslav Foll |
|---|
| 250 | | . |
‡aVyd. 5., V Knižním klubu 1. |
|---|
| 260 | | . |
‡aPraha :
‡bKnižní klub,
‡c1994 |
|---|
| 300 | | . |
‡a207 s. :
‡bil. ;
‡c21 cm |
|---|
| 500 | | . |
‡aFrontispis |
|---|
| 653 | 0 | . |
‡abritští vojáci
‡asvětová válka 2. |
|---|
| 655 | | 7. |
‡ahumoristické romány
‡7fd132431
‡2czenas |
|---|
| 700 | 1 | . |
‡aGoodbody, Ernest
‡7pag2008464145
‡4oth |
|---|
| 700 | 1 | . |
‡aVrba, František,
‡d1920-1985
‡7jk01150960
‡4trl |
|---|
| 700 | 1 | . |
‡aFoll, Dobroslav,
‡d1922-1981
‡7jk01031516
‡4ill |
|---|
| 765 | 0 | . |
‡tHow I won the war
‡9Česky |
|---|
| 910 | | . |
‡aABE463 |
|---|
| 964 | | . |
‡avojáci britští - válka světová 2. - romány humoristické |
|---|
| 998 | | . |
‡a000086631 |
|---|
| 901 | | . |
‡a20854
‡b
‡c20854
‡tbiblio |
|---|